|
|
|
|
| LEADER |
01174cam a2200289 7i4500 |
| 001 |
0000069849 |
| 005 |
20220719090000.0 |
| 020 |
|
|
|a 9781138598164
|
| 020 |
|
|
|a 9780429486579 (electronic book)
|
| 090 |
0 |
0 |
|a TK1007
|b .K35 2018
|
| 100 |
1 |
|
|a Kaliannan, Jagatheesan
|
| 245 |
1 |
0 |
|a Bio-inspired algorithms in PID controller optimization
|c Jagatheesan Kaliannan, Anand Baskaran, Nilanjan Dey, and Amira S. Ashour.
|
| 264 |
|
|
|a Boca Raton, FL:
|b CRC Press/Taylor and Francis Group,
|c 2018.
|
| 300 |
|
|
|a 1 online resource (xiii, 75 pages):
|b text file, PDF.
|
| 336 |
|
|
|a text
|2 rdacontent
|
| 337 |
|
|
|a computer
|2 rdamedia
|
| 338 |
|
|
|a online resource
|2 rdacarrier
|
| 650 |
|
0 |
|a Interconnected electric utility systems --
|x Automation
|
| 650 |
|
0 |
|a Electric power systems --
|x Load dispatching --
|x Mathematics
|
| 655 |
|
0 |
|a Electronic books
|
| 700 |
1 |
|
|a Dey, Nilanjan
|
| 700 |
1 |
|
|a Baskaran, Anand
|
| 700 |
1 |
|
|a Ashour, Amira
|
| 856 |
4 |
2 |
|u http://library.unisel.edu.my/web/guest/mylibrary
|
| 997 |
|
|
|a Engineering & Life Sciences, Faculty
|b Engineering, Department
|
| 998 |
|
|
|a Electrical Engineering, Degree
|
| 999 |
|
|
|a EBO0013493
|b EBOOK
|c EBOOK
|e Electronic resources
|